000
00317nam a2200133Ia 4500
008
090707b ii f a fnsan d
100
_a
Darya
_9
4907
245
_a
Manga Basi Kav:
_b
Moolvas ate parvas da davand
260
_a
Ludhiana
260
_b
Chetna Prakashan
260
_c
2017
300
_a
358p
942
_c
BK
999
_c
27191
_d
27191